000 00286nam a2200121Ia 4500
005 20251222143154.0
008 251222s9999||||xx |||||||||||||| ||spa||
082 _a923.2/S16
100 _aSaint-Aulaire, Conde de
245 0 _aFrancisco José
264 _bLuis de Caralt
942 _cLIB
999 _c12817
_d12817